Prensa clandestina española del siglo XVIII (Record no. 58844)

MARC details
000 -LEADER
campo de control de longitud fija 00903nam a2200229 i 4500
001 - NÚMERO DE CONTROL
campo de control 58844
003 - IDENTIFICADOR DE NÚMERO DE CONTROL
campo de control ES-MaACL
005 - FECHA Y HORA DE LA ÚLTIMA TRANSACCIÓN
campo de control 20230906163913.0
008 - DATOS DE LONGITUD FIJA--INFORMACIÓN GENERAL
campo de control de longitud fija 031024s1968 sp |||| | spa d
100 1# - ENTRADA PRINCIPAL--NOMBRE DE PERSONA
Nombre de persona Egido, Teófanes.
9 (RLIN) 46733
245 10 - MENCIÓN DEL TÍTULO
Título Prensa clandestina española del siglo XVIII
Resto del título : "El duende crítico" /
Mención de responsabilidad, etc. Teófanes Egido López ; prólogo de L.M. Enciso.
260 ## - PUBLICACIÓN, DISTRIBUCIÓN, ETC.
Lugar de publicación, distribución, etc. Valladolid :
Nombre del editor, distribuidor, etc. Facultad de Filosofía y Letras, Departamento de Historia Moderna,
Fecha de publicación, distribución, etc. 1968.
300 ## - DESCRIPCIÓN FÍSICA
Extensión 196 p. ;
Dimensiones 22 cm.
490 1# - MENCIÓN DE SERIE
Mención de serie Estudios y documentos ;
Designación de volumen o secuencia 24
630 34 - PUNTO DE ACCESO ADICIONAL DE MATERIA--TÍTULO UNIFORME
Título uniforme El Duende Crítico de Madrid.
9 (RLIN) 170618
650 #4 - PUNTO DE ACCESO ADICIONAL DE MATERIA--TÉRMINO DE MATERIA
Término de materia o nombre geográfico como elemento de entrada Periodismo-
Subdivisión geográfica España-
Subdivisión cronológica S.XVIII.
9 (RLIN) 170845
700 1# - ENTRADA AGREGADA--NOMBRE PERSONAL
Nombre de persona Enciso Recio, Luis Miguel.
9 (RLIN) 47191
710 2# - ENTRADA AGREGADA--NOMBRE DE ENTIDAD CORPORATIVA
Nombre de entidad corporativa o nombre de jurisdicción como elemento de entrada Universidad de Valladolid.
Unidad subordinada Facultad de Filosofía y Letras.
9 (RLIN) 7344
830 0# - PUNTO DE ACCESO ADICIONAL DE SERIE-TÍTULO UNIFORME
Título uniforme Estudios y documentos ;
Designación de volumen o secuencia 24
9 (RLIN) 182659
852 ## - LOCALIZACIÓN
Ubicación ES-MaACL
Número de control de estantería G-6715
Holdings
Estatus retirado Estado de pérdida Estado de daño No para préstamo Biblioteca de origen Biblioteca actual Ubicación en estantería Fecha de adquisición Fuente de adquisición Total de préstamos Signatura topográfica completa Código de barras Visto por última vez Precio de reemplazo Tipo de ítem Koha
        Biblioteca del Ateneo de Madrid Biblioteca del Ateneo de Madrid Depósito 2 17/01/2008     G-6715 1061730 23/02/2023 23/02/2023 Libro impreso